| 000 | 00949nam a2200313 a 4500 | ||
|---|---|---|---|
| 005 | 20200104041515.0 | ||
| 008 | 140221b1998 ck ||||| |||| 00| 0 spa d | ||
| 040 |
_aCO-BoIAVH _cCO-BoIAVH |
||
| 041 | _aspa | ||
| 044 | _ack | ||
| 090 |
_aLB _b00754 |
||
| 110 |
_bConsejo Regional de Planificación Económica y Social de la Orinoquia _96841 |
||
| 245 |
_aPlan de desarrollo regional 1998-2002 _bel momento de la Orinoquia |
||
| 260 |
_aVillavicencio _bCorpes Orinoquia _c1998 |
||
| 300 | _a200 p. | ||
| 650 |
_aClima _vOrinoquia _942292 |
||
| 650 |
_aDesarrollo social _942293 |
||
| 650 |
_aDesarrollo económico _942294 |
||
| 650 |
_aPlanificación _942295 |
||
| 650 |
_aLegislación _942296 |
||
| 650 |
_aGeololgia _942210 |
||
| 650 |
_aSuelos _9287 |
||
| 650 |
_aRecurso Hidrico _93128 |
||
| 650 |
_aFauna _942298 |
||
| 650 |
_aClima _942299 |
||
| 650 |
_aVegetación _942300 |
||
| 650 |
_aIndustria Forestal _913781 |
||
| 942 |
_cINFORME _2z |
||
| 999 |
_c768 _d768 |
||